Statistics for Tonga Country Quiz

Click here to take the quiz!

General Stats

  • This quiz has been taken 1,693 times
    (1,631 since last reset)
  • The average score is 11 of 15

Answer Stats

Hint Answer % Correct
Official languagesEnglish
99%
Sub-region of Oceania in which Tonga lies{Poly}nesia
96%
Country that controlled Tonga's foreign affairs, but never had legal control
of Tongan sovereignty, 1900–1970
United Kingdom
93%
Countries which lies closest to TongaSamoa
89%
Countries which lies closest to TongaFiji
88%
Tonga's form of governmentConstitutional {Monarchy}
87%
Official languagesTongan
85%
National sportRugby union
82%
18% of Tongans belong to this U.S. based religious denominationLatter-day Saints
70%
Dutch explorer who became the first European to visit Tonga's main island in 1643Abel Tasman
69%
Capital of TongaNukuʻalofa
68%
Object that appears on the flag of TongaCross
64%
Type of animal, also known as a flying fox, which is sacred to the king of TongaFruit bat
62%
Nickname of Tonga, as dubbed by Captain James CookThe {Friendly} Islands
33%
Main island of TongaTonga{tapu}
29%

Score Distribution

Percentile by Number Answered

Percent of People with Each Score

Your Score History

You have not taken this quiz since the last reset